LEADER 01132nam a2200289 a 4500 001 000000137903 003 CaOOAMICUS 005 20140326142515.0 008 140326s1995 it u000 u ita r 040 $aPUL$bita 100 1 $aVerdone, Mario.$0(OLS)http://pul/name/57476 245 10$aFederico Fellini /$cMario Verdone. 260 $aRoma :$bl'Unità ;$aMilano :$bIl Castoro$g1995 300 $a135 p. ;$c17 cm 490 1 $aLibri dell'Unità. Seconda serie ;$v01 490 1 $aIl Castoro cinema 500 $aSuppl. al n. 36 del 11-9-95 dell'Unità. 650 4$aCinema$zItalia.$0(OLS)http://pul/subject/16705 830 3$aIl Castoro cinema.$0(OLS)http://pul/title/174603 830 0$aLibri dell'Unità.$pSeconda serie ;$v01.$0(OLS)http://pul/title/174608 850 $aPUL 852 $aPUL$W1$xDP1 Fondo E. Rossi$y115$m7 C 2.17$j158978$qFondi$B158516$CPULBib$Z2$F158516 $82 941 1 $a1 996 $6245$aFederico Fellini$9(OLS)http://pul/title/174620 996 $6260$aRoma :$bl'Unità$9(OLS)http://pul/publisher/74001 996 $6260$aMilano :$bIl Castoro$9(OLS)http://pul/publisher/80120 LEADER 01088nam a2200277 u 4500 001 000000072908 003 CaOOAMICUS 005 20070226122307.0 008 020624s1969 au u000 u ger u 035 $a10934579 040 $aPUL(R)$bita 041 1 $ager$hpol 100 1 $aSchaff, Adam,$b1913-2006.$0(OLS)http://pul/name/13845 240 10$aMarksism a jednostka ludzka.$lTedesco.$0(OLS)http://pul/title/95889 245 10$aMarxismus und das menschliche Individuum /$cAdam Schaff. 260 $aWien :$bEuropa,$c1969. 300 $a349 p. ;$c21 cm 504 $aBibliografia: p. 341-349. 650 4$aMarxismo.$0(OLS)http://pul/subject/4889 650 4$aPersona (filosofia).$0(OLS)http://pul/subject/2012 850 $aPUL 852 $aPUL$W1$xDP1 Cons. Gen., Altre Classi 1$y22$m842 A 25$j94281$nBK-PRI$b $qStampati$B94281$CPULBib$Z2$F94281 $H $81 941 1 $a8 961 $aINV: 61136 996 $6245$aMarxismus und das menschliche Individuum$9(OLS)http://pul/title/95890 996 $6260$aWien :$bEuropa$9(OLS)http://pul/publisher/74161